2022 FIFA World Cup Group F - Belgium - Canada - Statistics

General Stats
  • This quiz has been taken 76 times
  • The average score is 18 of 33
Answer Stats
Player % Correct
Kevin De Bruyne
100%
Alphonso Davies
98%
Eden Hazard
95%
Jan Vertonghen
89%
Jonathan David
89%
Thibaut Courtois
89%
Toby Alderweireld
84%
Michy Batshuayi ¹
79%
Axel Witsel
77%
Youri Tielemans
77%
Thomas Meunier
74%
Timothy Castagne
69%
Yannick Carrasco
69%
Roberto Martínez
67%
Tajon Buchanan
54%
Leander Dendoncker
51%
Atiba Hutchinson
44%
Amadou Onana
43%
Leandro Trossard
41%
Kamal Miller
34%
Loïs Openda
34%
Stephen Eustáquio
34%
Cyle Larin
33%
Junior Hoilett
30%
Milan Borjan
30%
Richie Laryea
28%
Alistair Johnston
26%
Steven Vitória
25%
Ismaël Koné
21%
John Herdman
21%
Sam Adekugbe
21%
Jonathan Osorio
18%
Liam Millar
16%
No matching quizzes found
Score Distribution
Percent of People with Each Score
Percentile by Number Answered
Your Score History
You have not taken this quiz